| 000 | 00565nam a2200181Ia 4500 | ||
|---|---|---|---|
| 999 |
_c23240 _d23240 |
||
| 003 | OSt | ||
| 005 | 20200512115622.0 | ||
| 008 | 190216s9999||||xx |||||||||||||| ||und|| | ||
| 020 | _a9781851686636 | ||
| 040 | _coclc | ||
| 082 |
_a297.124 _bBRO/H |
||
| 100 |
_a Brown, Jonathan A C _92221 |
||
| 245 | 0 |
_aHadith : _b Muhammads Legacy In The Medieval And Modern World / _c Brown, Jonathan A C |
|
| 260 |
_bOneworld Oxford, _c2010. _aEngland: |
||
| 300 | _a307p | ||
| 650 | _aIslamic History | ||
| 942 |
_cBK _2ddc _h297.124 _iBRO/H _k297.124 _mBRO/H |
||